Apprendre les couleurs en danois - Statistiques

Statistiques générales
  • Ce quiz a été pris 7 fois
  • Le résultat moyen est 6 sur 11
Statistiques - réponses
Français Danois % Correct
Bleu Blå
100%
Rouge Rød
86%
Marron Brun
57%
Gris Grå
57%
Noir Sort
57%
Vert Grøn
43%
Jaune Gul
43%
Blanc Hvid
43%
Rose Lyserød
43%
Bleu clair Lyseblå
29%
Bleu foncé Mørkeblå
14%
Aucun quiz correspondant
Distribution des résultats
% des personnes avec chaque résultat
Percentile par nombre de réponses
Votre historique - résultats
Vous n’avez pas pris ce quiz